1536 1020 1774 1138 1905 1585 1085 1417 1471 1437 1086 1154 1062 1338 1914 1653 1038 1581 1492 1854 1752 1627 1545 1730 1368 1115 1009 1191 1886 1696 1489 1248 1021 1341 1549 1911 1634 1137 1582 1195 1033 1404 1579 1114 1125 1263 1159 1141 1342 1695 1677 1191 1143 1489 1195 1675 1995 1272 1674 1037 1197 1413 1814 1537 1037 1046 1838 1024 1567 1707 1198 1991 1459 1766 1649 1933 1104 1202 1900 1074 1972 1651 1360 1792 1189 1689 1879 1580 1943 1471 1149 1437 1749 1172 1378 1585 1368 1160 1912 BCNSPRNW ULIB Ver.6.0+V

เปลี่ยนเป็นภาษาไทย

Change to English
 แสดงรายละเอียดบรรณานุกรม
  กลับหน้าหลัก

Brief Record : Get Marc (ISO 2709) : E-mail record : QR code < ปิดหน้าต่าง
LEADER : 00000nam 2200000uu 4500
001    13399124666
003     ULIB
008    151119s2557||||th 000 0 tha d
020    ^a9786162830983 :^cบริจาค
050    ^rอ^aDS570.6.P4^bก528จ เล่ม 1
110  2  ^aกรมศิลปากร
245  1  ^aจดหมายเหตุงานพระศพ สมเด็จพระเจ้าภคินีเธอ เจ้าฟ้าเพชรรัตนราชสุดา สิริโสภาพัณณวดี เล่ม 1 /^cกรมศิลปากร
260    ^aกรุงเทพฯ :^bกรมศิลปากร,^c2557
300    ^a256 หน้า :^bภาพประกอบ ;^c30 ซม.+1 CD-ROM
504    ^aบรรณานุกรม
504    ^aภาคผนวก
600  0  ^aเพชรรัตนราชสุดา สิริโสภาพัณณวดี, สมเด็จพระเจ้าภคินีเธอ เจ้าฟ้า^x2468-2554
650  4 ^aจดหมายเหตุ
945    ^p0^l0^i000209
999    ^aเกษร โพธิ์สุวรรณ
รายการนี้ยังไม่มีแท็ก
คุณยังไม่ได้ล็อกอิน คุณสามารถมีกิจกรรมร่วมกับเว็บไซต์ได้ แต่ต้องล็อกอินก่อน ::
  ล็อกอิน

รายการสื่อสารสนเทศ

ลำดับที่ ประเภท เลขเรียก/บาร์โค้ด สถานที่ สถานะ
1. การศึกษาทั่วไป
การศึกษาทั่วไป
อ DS570.6.P4 ก528จ เล่ม 1 ฉ.1 
  Barcode: 000209
ห้องสมุดวิทยาเขตสวรรค์ประชารักษ์
►หนังสือทั่วไป
บนชั้น

รายการใกล้เคียง
    หัวเรื่อง [จดหมายเหตุ]

BibComment


ยังไม่เคยถูกคอมเมนท์

คอมเมนท์ทรัพยากรรายการนี้
  คอมเมนท์: จดหมายเหตุงานพ..


 Copyright 2026. Bcnsprnw @Library